Профессиональная коммуникация: культурологические, лингвистические и дидактические аспекты исследования (Запись № 4311403)
[ простой вид ]
| 000 -МАРКЕР | |
|---|---|
| контрольное поле | 02883nam0a2200493 4500 |
| 001 - ИДЕНТИФИКАТОР ЗАПИСИ | |
| контрольное поле | RU\NLR\bibl\2008866 |
| 005 - ИДЕНТИФИКАТОР ВЕРСИИ | |
| контрольное поле | 20260409072349.0 |
| 010 ## - МЕЖДУНАРОДНЫЙ СТАНДАРТНЫЙ НОМЕР КНИГИ (ISBN) | |
| Номер (ISBN) | 978-5-4343-0190-9 |
| Тираж | 500 |
| 021 ## - НОМЕР ГОСУДАРСТВЕННОЙ РЕГИСТРАЦИИ | |
| Код страны | Российская Федерация |
| Номер | 2013-9677 |
| Номер Листа государственной регистраци | 699 |
| 035 ## - ДРУГИЕ СИСТЕМНЫЕ НОМЕРА | |
| Идентификатор записи | (NLR Aleph) 001997457 |
| 100 ## - ДАННЫЕ ОБЩЕЙ ОБРАБОТКИ | |
| Данные общей обработки | 20130306d2012 k y0rusy50 ca |
| 101 0# - ЯЗЫК РЕСУРСА | |
| Язык текста, звукозаписи и т.д. | русский |
| -- | немецкий |
| Язык резюме | английский |
| 102 ## - СТРАНА ПУБЛИКАЦИИ ИЛИ ПРОИЗВОДСТВА | |
| Страна публикации | Российская Федерация |
| 105 ## - ПОЛЕ КОДИРОВАННЫХ ДАННЫХ: ТЕКСТОВЫЕ МАТЕРИАЛЫ, МОНОГРАФИЧЕСКИЕ | |
| Кодированные данные о монографическом текстовом документе | a ||||||||| |
| 200 1# - ЗАГЛАВИЕ И СВЕДЕНИЯ ОБ ОТВЕТСТВЕННОСТИ | |
| Основное заглавие | Профессиональная коммуникация: культурологические, лингвистические и дидактические аспекты исследования |
| Параллельное заглавие | Professional communication: culturogical, linguistic and didactic aspects of research |
| Сведения, относящиеся к заглавию | коллективная монография |
| Первые сведения об ответственности | М-во образования и науки РФ, Федер. гос. бюджет. образоват. учреждение высш. проф. образования "Тамбовский гос. ун-т им. Г.Р. Державина" |
| Последующие сведения об ответственности | [ред. кол.: к.филол.н., доц. О.А. Дронова (отв. ред.) и др.] |
| Язык параллельного заглавия | английский |
| 210 ## - ПУБЛИКАЦИЯ, РАСПРОСТРАНЕНИЕ И ДР. | |
| Место издания, распространения и т.д. | Тамбов |
| Имя издателя, распространителя и т. д. | Бизнес-наука-общество |
| Дата издания, распространения и т.д. | 2012 |
| 215 ## - ФИЗИЧЕСКАЯ ХАРАКТЕРИСТИКА | |
| Специфическое обозначение материала и объем | 307 с. |
| Другие сведения о физической характеристике | ил. |
| Размеры | 21 |
| 300 ## - ОБЩИЕ ПРИМЕЧАНИЯ | |
| Текст примечания | Часть текста на нем. яз. |
| 300 ## - ОБЩИЕ ПРИМЕЧАНИЯ | |
| Текст примечания | Рез. на англ. яз. |
| 320 ## - ПРИМЕЧАНИЯ О НАЛИЧИИ В ДОКУМЕНТЕ БИБЛИОГРАФИИ / УКАЗАТЕЛЯ | |
| Текст примечания | Библиогр. в конце докл. |
| 510 1# - ПАРАЛЛЕЛЬНОЕ ЗАГЛАВИЕ | |
| Параллельное заглавие | Professional communication: culturogical, linguistic and didactic aspects of research |
| Язык заглавия | английский |
| 606 1# - НАИМЕНОВАНИЕ ТЕМЫ КАК ПРЕДМЕТ | |
| Наименование темы | Коммуникативная лингвистика |
| Системный номер авторитетной/нормативной записи | 1366505 |
| Идентификатор авторитетной/нормативной записи | RU\NLR\auth\66572162 |
| 606 1# - НАИМЕНОВАНИЕ ТЕМЫ КАК ПРЕДМЕТ | |
| Наименование темы | Когнитивная лингвистика |
| Системный номер авторитетной/нормативной записи | 1523672 |
| Идентификатор авторитетной/нормативной записи | RU\NLR\auth\66662714 |
| 606 1# - НАИМЕНОВАНИЕ ТЕМЫ КАК ПРЕДМЕТ | |
| Наименование темы | Гендерная лингвистика |
| Системный номер авторитетной/нормативной записи | 2282020 |
| Идентификатор авторитетной/нормативной записи | RU\NLR\auth\661367159 |
| 606 1# - НАИМЕНОВАНИЕ ТЕМЫ КАК ПРЕДМЕТ | |
| Наименование темы | Дискурс профессиональный |
| Системный номер авторитетной/нормативной записи | 2586451 |
| Идентификатор авторитетной/нормативной записи | RU\NLR\auth\661528740 |
| 606 ## - НАИМЕНОВАНИЕ ТЕМЫ КАК ПРЕДМЕТ | |
| Наименование темы | Семиотика (лингв.) |
| Идентификатор авторитетной/нормативной записи | RU\NLR\auth\661005014 |
| Системный номер авторитетной/нормативной записи | 1604813 |
| 606 1# - НАИМЕНОВАНИЕ ТЕМЫ КАК ПРЕДМЕТ | |
| Наименование темы | Межкультурная коммуникация |
| Системный номер авторитетной/нормативной записи | 2368045 |
| Идентификатор авторитетной/нормативной записи | RU\NLR\auth\661413599 |
| 606 1# - НАИМЕНОВАНИЕ ТЕМЫ КАК ПРЕДМЕТ | |
| Наименование темы | Индоевропейские языки |
| Тематический подзаголовок | Стилистика |
| Системный номер авторитетной/нормативной записи | 1182204 |
| Идентификатор авторитетной/нормативной записи | RU\NLR\auth\66475889 |
| 606 1# - НАИМЕНОВАНИЕ ТЕМЫ КАК ПРЕДМЕТ | |
| Наименование темы | Межкультурная коммуникация |
| Тематический подзаголовок | Преподавание |
| -- | Высшая школа |
| Системный номер авторитетной/нормативной записи | 2602551 |
| Идентификатор авторитетной/нормативной записи | RU\NLR\auth\661539109 |
| 686 ## - ИНДЕКСЫ ДРУГИХ КЛАССИФИКАЦИЙ | |
| Индекс | Ш100.0 |
| 686 ## - ИНДЕКСЫ ДРУГИХ КЛАССИФИКАЦИЙ | |
| Индекс | Ш100.4 |
| 686 ## - ИНДЕКСЫ ДРУГИХ КЛАССИФИКАЦИЙ | |
| Индекс | Ш100.1 |
| 686 ## - ИНДЕКСЫ ДРУГИХ КЛАССИФИКАЦИЙ | |
| Индекс | Ш100.3 |
| 686 ## - ИНДЕКСЫ ДРУГИХ КЛАССИФИКАЦИЙ | |
| Индекс | Ш140/159-7 |
| 686 ## - ИНДЕКСЫ ДРУГИХ КЛАССИФИКАЦИЙ | |
| Индекс | Ч486.11/17 |
| 702 #1 - ИМЯ ЛИЦА - ВТОРИЧНАЯ ОТВЕТСТВЕННОСТЬ | |
| Код отношения | Автор |
| Материалы, к которым относится поле | rus |
| Графика поля | Кириллица |
| Начальный элемент ввода | Дронова |
| Часть имени, кроме начального элемента ввода | О. А. |
| Дополнения к именам, кроме дат | д-р филол. наук |
| Расширение инициалов личного имени | Ольга Александровна |
| Идентификатор авторитетной/нормативной записи | RU\NLR\AUTH\7796753 |
| Системный номер авторитетной/нормативной записи | 79679 |
| 712 02 - НАИМЕНОВАНИЕ ОРГАНИЗАЦИИ - ВТОРИЧНАЯ ОТВЕТСТВЕННОСТЬ | |
| Код отношения | Прочие |
| Начальный элемент ввода | Тамбовский государственный университет им. Г. Р. Державина |
| Идентификатор авторитетной/нормативной записи | RU\NLR\AUTH\889917219 |
| Системный номер авторитетной/нормативной записи | 330608 |
| 801 #0 - ИСТОЧНИК ЗАПИСИ | |
| Страна | Российская Федерация |
| Организация | NLR |
| Дата составления | 20130306 |
| Правила каталогизации | RCR |
| 801 #1 - ИСТОЧНИК ЗАПИСИ | |
| Страна | Российская Федерация |
| Организация | NLR |
| Дата составления | 20130306 |
| 942 ## - ДОПОЛНИТЕЛЬНЫЕ ЭЛЕМЕНТЫ ЗАПИСИ (АБИС) | |
| Тип экземпляра АБИС | Книга |
| 980 ## - КОЛЛЕКЦИЯ | |
| Название коллекции | НБР |
| 980 ## - КОЛЛЕКЦИЯ | |
| Название коллекции | Национальная библиография |
Нет доступных экземпляров.